| 000 | 00649nam a22002057a 4500 | ||
|---|---|---|---|
| 999 |
_c15410 _d15410 |
||
| 003 | AR-CdUCM | ||
| 008 | 190427b ||||| |||| 00| 0 spa d | ||
| 040 |
_aMUNICIPALIDAD PROVINCIAL DEL CUSCO _cBIBLIOTECA MUNICIPAL DEL CUSCO |
||
| 082 |
_aEP / 398 / _bG69 |
||
| 110 |
_aEIBAMAZ convenio UNICEF _934476 |
||
| 245 | _aNon jemabo pikoni / | ||
| 260 |
_aLima : _bKinko´s, _c2007. |
||
| 300 |
_a98 páginas ; _c26 cm. _bIlustraciones, |
||
| 440 |
_aColección nokona textos en la lengua shipibo _934477 |
||
| 650 |
_aIdioma shipibo _934478 |
||
| 650 |
_aLengua _92065 |
||
| 650 |
_aLectura _92069 |
||
| 942 |
_2ddc _cLIBROS |
||
| 945 |
_arah _d27/04/2019 |
||